| 000 | 00360 a2200169 4500 | ||
|---|---|---|---|
| 001 | 171803 | ||
| 020 | _a85-08-00115-0 | ||
| 040 | _cMagnum | ||
| 100 | _aRey, Marcos | ||
| 240 | 1 | 0 |
_aUm cadáver ouve rádio _lpor |
| 245 | 1 | 0 | _aUm cadáver ouve rádio |
| 300 | _a126 | ||
| 362 | 0 | _a1991 | |
| 440 | 1 | _aÁtica | |
| 697 | _aLITERATURA JUVENIL | ||
| 942 | _cBK | ||
| 999 |
_c171803 _d171803 |
||